000
00209 a2200097 4500
001
28343
100
_a
Bauier, C R
245
_a
Basic PL/I Programming
260
_a
_b
Addison Wesley
_c
090
_c
18952
_d
18952
942
_a
NUST-CAE
_c
M
_c
9949
999
_c
263416
_d
263416